• 首页
  • 本馆介绍
  • 公告通知
  • 最新文献
  • 馆藏检索
  • 电子资源
  • 读者导购
  • 参考咨询
  • 我的图书馆
  • 登录
  • 详细信息显示
  • 放入我的书架
  • 预约/预借图书
  • 作者相关作品
  • 分类相关作品
  • 丛书相关作品
  • 出版社相关作品

书目信息

  • 表格格式
  • 工作单格式
  • 卡片格式
题名:
巧手做玩具
    
 
作者: ;浙江科学技术出版社 编
分册:  
出版信息: 杭州   浙江科学技术出版社  1983
页数: 62页
开本: 26cm
丛书名:
单 册:
中图分类: G614 , G613
科图分类:
主题词: 玩具--制作--学前教育--教学参考资料
电子资源:
ISBN:
000 00645nam0 2200229 450
001 1547459296
005 20150131131153.03
010    @dCNY0.37
091    @a7221.31
100    @a19980305d1983 em y0chiy0110 ea
101 0  @achi
102    @aCN@b330000
105    @ay z 000yy
200 1  @a巧手做玩具@9qiao shou zuo wan ju@f浙江科学技术出版社编
210    @a杭州@c浙江科学技术出版社@d1983
215    @a62页@d26cm
606 0  @a玩具@x制作@x学前教育@x教学参考资料
690    @aG614@v5
690    @aG613@v4
711 02 @a浙江科学技术出版社@9zhe jiang ke xue ji shu chu ban she@4编
801  0 @aCN@bTSSF@c20150131
905    @aZUCC@dG613@eJY52
    
    巧手做玩具/浙江科学技术出版社编.-杭州:浙江科学技术出版社,1983
    62页;26cm
    
    
    ISBN :CNY0.37
    
●
相关链接 在E读中查询图书 在五车中查询图书 在当当中查询图书 在豆瓣中查询图书


正题名:巧手做玩具     索取号:G613/JY52         预约/预借

序号 登录号 条形码 馆藏地/架位号 状态 备注
1 7861514   278615143   学院路分馆/ [索取号:G613/JY52] 在馆    
唐山师范学院图书馆 欢迎您!
大连网信软件有限公司© 版权所有